South Eastern Kenya University

Library Online Public Access Catalogue


The vision of six sigma: (Record no. 9649)

MARC details
000 -LEADER
fixed length control field 00489nam a22001817a 4500
003 - CONTROL NUMBER IDENTIFIER
control field OSt
005 - DATE AND TIME OF LATEST TRANSACTION
control field 20151103115841.0
008 - FIXED-LENGTH DATA ELEMENTS--GENERAL INFORMATION
fixed length control field 151103b xxu||||| |||| 00| 0 eng d
020 ## - INTERNATIONAL STANDARD BOOK NUMBER
International Standard Book Number 0964355523
040 ## - CATALOGING SOURCE
Original cataloging agency KU
050 ## - LIBRARY OF CONGRESS CALL NUMBER
Classification number TS 156
Item number .H3
100 ## - MAIN ENTRY--PERSONAL NAME
Personal name Harry Mikel J.
245 ## - TITLE STATEMENT
Title The vision of six sigma:
Remainder of title a road map for breakthrough
260 ## - PUBLICATION, DISTRIBUTION, ETC. (IMPRINT)
Place of publication, distribution, etc. Arizona, USA
Name of publisher, distributor, etc. Sigma Publishing
Date of publication, distribution, etc. 1994
300 ## - PHYSICAL DESCRIPTION
Extent Various pagings
650 ## - SUBJECT ADDED ENTRY--TOPICAL TERM
Topical term or geographic name as entry element Quality control
General subdivision Statistical methods
942 ## - ADDED ENTRY ELEMENTS (KOHA)
Source of classification or shelving scheme Library of Congress Classification
Koha item type General circulation
Holdings
Withdrawn status Lost status Source of classification or shelving scheme Damaged status Not for loan Home library Current library Shelving location Date acquired Source of acquisition Total Checkouts Full call number Barcode Date last seen Price effective from Koha item type
    Library of Congress Classification     Main Campus Library Main Campus Library General Stacks 03/11/2015 Books for Africa   TS 156 .H3 2015/009006 03/11/2015 03/11/2015 General circulation
Kitui, Kenya.
+254736116989
library@seku.ac.ke